000 00454nam a2200181Ia 4500
001 25306
005 20260414151141.0
008 260414t2007||||xx |||||||||||||| ||spa||
041 _aESP
082 _a346.46
_bA62
100 _aAntequera Parilli, Ricardo
_eAUT
245 0 _aEstudios de derecho de autor y derechos afines
_b
260 _c2007
300 _a623 páginas :
_c24 cm.
650 _aDER
654 _aCDE
942 _cLIB
_dJUS
_fJUS
_2ddc
_n
999 _c25306
_d25306